=LDR 00000nam 2200000 4500 =001 INLIS000000000014261 =005 20130612105535 =008 ***********************************Ind** =035 ##$$0010-061300000014261 =041 ##$$a Ind =082 ##$$a R. 398.809 598 03 =090 ##$$a R. 398.809 598 03, Ali k =100 ##$$a Ali K, M =245 ##$$a Kamus sejuta ungkapan pribahasa indonesia, drs. M. Ali K =260 ##$$a 1996 $b Surabaya =300 ##$$a 530 hlm, 21 cm =650 ##$$a Pribahasa indonesia - Kamus =850 ##$$a NBPNMAT